• 首页
  • 本馆介绍
  • 公告通知
  • 最新文献
  • 馆藏检索
  • 电子资源
  • 读者导购
  • 参考咨询
  • 我的图书馆
  • 登录
  • 详细信息显示
  • 放入我的书架
  • 预约/预借图书
  • 作者相关作品
  • 分类相关作品
  • 丛书相关作品
  • 出版社相关作品

书目信息

  • 表格格式
  • 工作单格式
  • 卡片格式
题名:
财产、权力和公共选择
    
 
作者: 斯密德 , Schmid 著 ;黄祖辉 译
分册:  
出版信息: 上海   上海人民出版社  2006
页数: 480页
开本: 21cm
丛书名: 当代经济学系列丛书
单 册:
中图分类: F019.349
科图分类:
主题词: 公共选择(经济) , 新制度经济学--研究 , 新制度经济学
电子资源:
ISBN: 7-208-06123-8
000 01268oam2 2200313 450
001 012007706641
005 20070516172946.45
010    @a7-208-06123-8@dCNY33.00
100    @a20070508d2006 km y0chiy0120 ea
101 1  @achi@ceng
102    @aCN@b310000
105    @ay z 000yy
106    @ar
200 1  @a财产、权力和公共选择@Acai chan、quan li he gong gong xuan ze@e对法和经济学的进一步思考@f(美)A.爱伦·斯密德著@F(mei)A.ai lun·si mi de zhu@g黄祖辉译@Ghuang zu hui yi
210    @a上海@c上海人民出版社@c上海三联书店@d2006
215    @a480页@d21cm
225 2  @a当代经济学系列丛书@i当代经济学译库
330    @a本书通过大量的案例和具体细致的深入分析,对新古典经济学中的许多观点提出了质疑,对法和经济学作了更进一步的思考,大大推进了人们对许多经济问题,如交易类型、外部性、产权结构、经济绩效等的认识,并得出了发人深省的结论。
461  0 @12001 @a当代经济学系列丛书
517 1  @a对法和经济学的进一步思考@Adui fa he jing ji xue de jin yi bu si kao
606 0  @a公共选择(经济)
606 0  @a新制度经济学@x研究
606 0  @a新制度经济学
690    @aF019.349@v4
701  1 @c(美)@a斯密德@Asi mi de@bA.爱伦@4著
701  1 @c(美)@aSchmid@bAllan A.@4著
702  0 @a黄祖辉@Ahuang zu hui@4译
801  0 @aCN@bRULIN@c20070516
905    @dF019.349@e293@s5
    
    财产、权力和公共选择:对法和经济学的进一步思考/(美)A.爱伦·斯密德著/黄祖辉译.-上海:上海人民出版社:上海三联书店,2006
    480页;21cm.-(当代经济学系列丛书.当代经济学译库)
    
    
    ISBN 7-208-06123-8:CNY33.00
    本书通过大量的案例和具体细致的深入分析,对新古典经济学中的许多观点提出了质疑,对法和经济学作了更进一步的思考,大大推进了人们对许多经济问题,如交易类型、外部性、产权结构、经济绩效等的认识,并得出了发人深省的结论。
●
相关链接 在E读中查询图书 在五车中查询图书 在当当中查询图书 在豆瓣中查询图书


正题名:财产、权力和公共选择     索取号:F019.349/293         预约/预借

序号 登录号 条形码 馆藏地/架位号 状态 备注
1 0572188   205721888   第一样本阅览室/ [索取号:F019.349/293] 在馆    
2 0572189   205721897   第一借阅区/ [索取号:F019.349/293] 在馆    
3 0572190   205721904   第一借阅区/ [索取号:F019.349/293] 在馆    
4 0572191   205721913   第一借阅区/ [索取号:F019.349/293] 在馆    
5 0572192   205721922   第一借阅区/ [索取号:F019.349/293] 在馆    
唐山师范学院图书馆 欢迎您!
大连网信软件有限公司© 版权所有